000 00593nam a2200181Ia 4500
005 20250923144745.0
008 008 250917s9999 xx 000 0 eng d
037 _aTextual
040 _aDSWL
_beng
_cDSWL
041 _aeng
_2eng
084 _aT3oaY31:7:7.251, N61
_qDSWL
100 _aLuthra, S.K.
_9828089
245 0 _aStudy of the working of social educations in the Kanjhouvla
_cby S.K. Luthra
260 _aDelhi
_bDelhi Delhi School of Social Work
_c1961
300 _aiv,109p.
942 _cTEXL
_hT3oaY31:7:7.251, N61
999 _c1442963
_d1442963